| 000 | 01042 a2200265 4500 | ||
|---|---|---|---|
| 001 | 52905 | ||
| 005 | 20260407155803.0 | ||
| 008 | 260407a1994 arg spa d | ||
| 003 | AR-UNSa-BCEJYS | ||
| 040 |
_aAR-UNSa-BCEJYS _bspa _cAR-UNSa-BCEJYS |
||
| 080 |
_a330.101.542 _xMicroeconomía |
||
| 245 | 1 | 0 | _aTeoría microeconómica |
| 020 | _a968-16-4087-X | ||
| 250 | _a3a. ed. | ||
| 264 | 1 |
_aMéxico : _bFondo de Cultura Económica _c1994 |
|
| 300 |
_a870 p. _c23 cm. |
||
| 505 | _a1. Demanda,oferta y mercados: una visión introductoria - 2. La teoría de la producción y del costo - 3. La teoría de la emnpresa y la organización del mercado - 4. La teoría de la distribución - 5. La teoría del equilibrio general y el bienestar económico | ||
| 041 | _aspa | ||
| 942 | _cBK | ||
| 590 | _aniveau_biblio:m niveau_hierar:0 | ||
| 100 | 1 | _aGould, John P. | |
| 700 | 1 | _aLazear, Edward P. | |
| 700 | 1 | _aSuárez, Eduardo L. | |
| 856 | 4 | 1 |
_uhttps://www.biblioeco.unsa.edu.ar/pmb/images/libros/L128338.jpg _yImagen de portada _qimage/jpeg |
| 999 |
_c5025 _d5025 |
||